Missing Word: Russell Crowe Movies Quiz Stats

 Plays Quiz Updated Mar 5, 2016

Challenge
Share
Tweet
Embed
Score 0/16 Timer 02:00
1 Play Today
Russell Crowe Movie Missing Word % Correct
________ HoodRobin
93.3%
A ____________ MindBeautiful
85.9%
3:10 to ______Yuma
81.1%
Master and ____________: The Far Side of the WorldCommander
75.7%
_________ GangsterAmerican
73.7%
L.A. _______________Confidential
72.7%
The ______ and the DeadQuick
47.7%
Body of _____Lies
43.7%
Russell Crowe Movie Missing Word % Correct
_______________ ManCinderella
38.5%
State of _______Play
36.4%
The _______ Three DaysNext
32.7%
Mystery, ____________Alaska
30.5%
_______ of LifeProof
29.8%
Romper ____________Stomper
25.3%
A Good _____Year
14.7%
The _____ of UsSum
6.9%

Today's Daily Dose

You're not logged in!

Compare scores with friends on all Sporcle quizzes.
Join for Free
OR
Log In

You Might Also Like...

Show Comments

Extras

Top Quizzes Today


Score Distribution

Your Account Isn't Verified!

In order to create a playlist on Sporcle, you need to verify the email address you used during registration. Go to your Sporcle Settings to finish the process.

Report this User

Report this user for behavior that violates our Community Guidelines.

Details: